Construction contracts (Record no. 115461)
[ view plain ]
| 000 -LEADER | |
|---|---|
| fixed length control field | 01376cam a22002895a 4500 |
| 001 - CONTROL NUMBER | |
| control field | L158695 |
| 008 - FIXED-LENGTH DATA ELEMENTS--GENERAL INFORMATION | |
| fixed length control field | 150623s2015 xxk f 000 0 eng d |
| 020 ## - INTERNATIONAL STANDARD BOOK NUMBER | |
| International Standard Book Number | 9781138795518 |
| 035 ## - SYSTEM CONTROL NUMBER | |
| System control number | (Sirsi) u158695 |
| 041 0# - LANGUAGE CODE | |
| Language code of text/sound track or separate title | eng |
| 050 04 - LIBRARY OF CONGRESS CALL NUMBER | |
| Classification number | 692.8 $2 18 |
| 100 1# - MAIN ENTRY--PERSONAL NAME | |
| Personal name | Chappell, David |
| 245 00 - TITLE STATEMENT | |
| Title | Construction contracts |
| Remainder of title | questions and answers |
| 250 ## - EDITION STATEMENT | |
| Edition statement | 3rd edition |
| 260 ## - PUBLICATION, DISTRIBUTION, ETC. | |
| Place of publication, distribution, etc. | Oxon |
| Name of publisher, distributor, etc. | Routledge |
| Date of publication, distribution, etc. | 2015 |
| 505 2# - FORMATTED CONTENTS NOTE | |
| Formatted contents note | Tendering -- Pre-contract issues -- Possession of the site -- General contractual matters -- Warranties, bonds and novation -- Contractor's programme -- Contract administration -- Architects -- Fees -- Design -- Architect's instruction -- Inspection -- Defects during progress -- Defects after practical completion -- Valuation and payment -- Certificates -- Sub-contracts -- Extensions of time/Adjustment of the completion date -- Liquidated damages -- Loss and/or expense -- Sectional completion -- Practical completion and partial possession -- Termination -- Disputes |
| 520 ## - SUMMARY, ETC. | |
| Summary, etc. | A series of 225 FAQs and answers relating to construction law and contracts. |
| 521 ## - TARGET AUDIENCE NOTE | |
| Target audience note | Advanced |
| 650 24 - SUBJECT ADDED ENTRY--TOPICAL TERM | |
| Topical term or geographic name entry element | BUILT ENVIRONMENT-BUILDING CONTRACT FORMS |
| 650 24 - SUBJECT ADDED ENTRY--TOPICAL TERM | |
| Topical term or geographic name entry element | EXTENSIONS OF TIME |
| 650 24 - SUBJECT ADDED ENTRY--TOPICAL TERM | |
| Topical term or geographic name entry element | LIQUIDATED DAMAGES |
| 650 24 - SUBJECT ADDED ENTRY--TOPICAL TERM | |
| Topical term or geographic name entry element | CERTIFICATES |
| 650 24 - SUBJECT ADDED ENTRY--TOPICAL TERM | |
| Topical term or geographic name entry element | ADJUDICATION |
| 651 #4 - SUBJECT ADDED ENTRY--GEOGRAPHIC NAME | |
| Geographic name | ENGLAND AND WALES |
| 690 ## - LOCAL SUBJECT ADDED ENTRY--TOPICAL TERM (OCLC, RLIN) | |
| Topical term or geographic name as entry element | Contracts |
| 9 (RLIN) | 6232 |
| 942 ## - ADDED ENTRY ELEMENTS (KOHA) | |
| Suppress in OPAC | 0 |
| Withdrawn status | Lost status | Source of classification or shelving scheme | Damaged status | Not for loan | Home library | Current library | Shelving location | Date acquired | Total Checkouts | Full call number | Barcode | Date last seen | Copy number | Price effective from | Koha item type |
|---|---|---|---|---|---|---|---|---|---|---|---|---|---|---|---|
| Dewey Decimal Classification | London | London | Books | 23/06/2015 | 692.8 CHA | 30079027 | 06/08/2019 | 1 | 06/08/2019 | Book |